Statistics for Which City in Africa?

Click here to take the quiz!

General Stats

  • This quiz has been taken 14,105 times
    (14,057 since last reset)
  • The average score is 16 of 22

Answer Stats

DescriptionLetterCity% Correct
Most populous city in the Middle EastCCairo
99%
Capital of KenyaNNairobi
95%
Southernmost city in AfricaCCape Town
92%
Neighbour of the above. Where one could visit the PyramidsGGiza
90%
Capital of Nigeria, prior to 1991LLagos
90%
Hosted the 2010 FIFA World Cup finalJJohannesburg
86%
Literally means "White House". Location of a Bogart-Bergman movieCCasablanca
83%
Its lighthouse used to be one of the Ancient Wonders of the WorldAAlexandria
82%
Located near the ancient city of CarthageTTunis
78%
Where Colonel Gaddafi exercised his powerTTripoli
76%
Capital whose name is very similar to the name of its countryAAlgiers
75%
Formerly known as "LĂ©opoldville", it hosted a legendary Ali vs. Foreman fightKKinshasa
74%
Moroccan city where one could find the "Jemaa el-Fnaa" market squareMMarrakesh
68%
Capital of Angola. One of the world's most expensive cities due to an oil boomLLuanda
65%
The terminus of a famous rally that took place from 1972-2007DDakar
62%
Ancient capital of Egypt. Formerly known as "Thebes"LLuxor
62%
This city in Mali was once a prosperous center of trans-Saharan tradeTTimbuktu
62%
Former sultanate. Once the world's largest clove producersZZanzibar
59%
Where the African Union is headquarteredAAddis Ababa
51%
Largest city on Lake VictoriaKKampala
50%
Site of the largest dam on the Nile RiverAAswan
47%
Many Kilimanjaro hikers fly into this Tanzanian cityAArusha
13%

Score Distribution

Percentile by Number Answered

Percent of People with Each Score

Your Score History

You have not taken this quiz since the last reset